000 00901nas a2200265 4500
001 BR2013007458
003 BR-BrBNA
005 20231205122954.0
007 ta
008 230509b bl.|||p| |||| 00| 00por d
040 _aBR-BrBNA
_bpor
_cBiblioteca Nacional de Agricultura
041 _a(Pt)
072 _aQ02; Q04
100 1 _aMorais, M.M.
100 1 _aSilva, M.A.
245 1 _aRetenção de aroma na secagem em atmosferas normal e modificada: desenvolvimento do sistema de estudo
650 _aPROPRIEDADE ORGANOLÉPTICA
650 _aTECNOLOGIA DE ALIMENTO
650 _aCROMATOGRAFIA GASOSA
650 _aPROCESSAMENTO
773 0 _tCiência e Tecnologia de Alimentos (Brazil)
_xISSN 1678-457X
_g(Apr-Jun 2011), v. 31(2) p. 295-302
_wBR2013007458
856 4 0 _uhttp://www.scielo.br/pdf/cta/v31n2/v31n2a03.pdf
909 _a202311
_bLúcia
_c55
_dLúcia Elande
942 _2AGRIS
_n0
_cANA
999 _c231540
_d231540